[Event "Politiken Cup 36th"]
[Site "Helsingor"]
[Date "2014.07.22"]
[Round "2"]
[White "Riis, Jens"]
[Black "Meier, Georg"]
[Result "0-1"]
[WhiteElo "2172"]
[BlackElo "2632"]
[PlyCount "90"]
[EventDate "2014.07.21"]
[EventType "swiss"]
[EventRounds "10"]
[EventCountry "DEN"]
[SourceTitle "CBM 161 Extra"]
[Source "ChessBase"]
[SourceDate "2014.08.29"]
[SourceVersion "1"]
[SourceVersionDate "2014.08.29"]
[SourceQuality "1"]

1. g3 d5 2. Bg2 e5 3. d3 Nf6 4. Nf3 Nc6 5. 0-0 Bd6 6. c4 d4 7. Bg5 0-0 8. Nbd2 Be7 9. a3 a5 10. b4 axb4 11. axb4 Rxa1 12. Qxa1 Bxb4 13. Ne4 Be7 14. Nxf6+ Bxf6 15. Bxf6 Qxf6 16. Rb1 Qe7 17. Qb2 Nd8 18. Nd2 f6 19. Qa2 c6 20. Nb3 f5 21. Qa5 Qd6 22. Nc5 g6 23. Qb6 Kg7 24. Ra1 Rf7 25. Ra8 Qc7 26. Qa7 b5 27. Qa2 Ne6 28. Nxe6+ Bxe6 29. Ra6 e4 30. Qb2 Qe5 31. Rxc6 exd3 32. exd3 bxc4 33. Rxe6 Qxe6 34. Qxd4+ Qf6 35. Qxc4 f4 36. gxf4 Qxf4 37. Qc3+ Kh6 38. Qc5 Rc7 39. Qe3 Rc1+ 40. Bf1 Qxe3 41. fxe3 Rc2 42. d4 Kg5 43. d5 Rd2 44. Bg2 Kg4 45. e4 Kf4 0-1

[Event "Politiken Cup 35th"]
[Site "Helsingor"]
[Date "2013.07.27"]
[Round "1"]
[White "Riis, Jens"]
[Black "Ottesen, Soren Rud"]
[Result "1-0"]
[WhiteElo "2174"]
[BlackElo "1782"]
[PlyCount "59"]
[EventDate "2013.07.27"]
[EventType "swiss"]
[EventRounds "10"]
[EventCountry "DEN"]
[SourceTitle "CBM 155 Extra"]
[Source "ChessBase"]
[SourceDate "2013.08.26"]
[SourceVersion "1"]
[SourceVersionDate "2013.08.26"]
[SourceQuality "1"]

1. d4 Nf6 2. Nf3 d5 3. Bf4 Bf5 4. e3 e6 5. Nbd2 Nbd7 6. c4 c6 7. Qb3 Qb6 8. c5 Qxb3 9. axb3 Be7 10. b4 0-0 11. b5 cxb5 12. Bxb5 a6 13. Be2 Rfc8 14. b4 Nh5 15. 0-0 Nxf4 16. exf4 h6 17. Nb3 Bd8 18. Ra3 Bg4 19. Rfa1 Bxf3 20. Bxf3 Bf6 21. Kf1 g5 22. f5 Rab8 23. fxe6 fxe6 24. Re1 Kf7 25. Bh5+ Ke7 26. Ra2 e5 27. Rae2 e4 28. f3 Rf8 29. Kg1 Kd8 30. fxe4 1-0

[Event "DEN-chT 0910 48th"]
[Site "Denmark"]
[Date "2010.03.13"]
[Round "8.8"]
[White "Riis, Jens"]
[Black "Preuss, Flemming"]
[Result "1-0"]
[WhiteElo "2152"]
[BlackElo "2056"]
[PlyCount "125"]
[EventDate "2009.11.07"]
[EventType "team-tourn"]
[EventRounds "9"]
[EventCountry "DEN"]
[SourceTitle "EXT 2023"]
[Source "ChessBase"]
[SourceDate "2022.10.05"]
[SourceVersion "1"]
[SourceVersionDate "2022.10.05"]
[SourceQuality "1"]
[WhiteTeam "Copenhagen 68"]
[BlackTeam "Naestved"]
[WhiteTeamCountry "DEN"]
[BlackTeamCountry "DEN"]

1. d4 f5 2. Nf3 Nf6 3. Bf4 d6 4. h3 g6 5. e3 Bg7 6. Bc4 e6 7. Nbd2 0-0 8. Qe2 Qe7 9. 0-0-0 Nc6 10. g4 Kh8 11. gxf5 exf5 12. Bg5 Bd7 13. h4 Be8 14. Rdg1 Na5 15. h5 gxh5 16. Bd3 Bg6 17. Nh4 Qe6 18. Kb1 Rae8 19. Qf3 Ne4 20. Qe2 d5 21. Nhf3 Nc6 22. c3 Qf7 23. Bf4 Rg8 24. Rg2 Bf6 25. Rhg1 a6 26. Ng5 Nxg5 27. Bxg5 Ne7 28. Qf3 Bxg5 29. Rxg5 Ref8 30. Qf4 c6 31. Qc7 b5 32. Qf4 a5 33. Be2 b4 34. cxb4 axb4 35. Nf3 Qe6 36. Ne5 h4 37. Bd3 Rf6 38. Qxh4 c5 39. Qf4 c4 40. Bc2 c3 41. R1g3 cxb2 42. Nd3 Nc6 43. Nc5 Qf7 44. Kxb2 Na5 45. Ka1 Nc4 46. Bb3 Re8 47. Rg1 Nd2 48. Rc1 Nxb3+ 49. Nxb3 Ra6 50. Rc7 Re7 51. Rc8+ Kg7 52. Rg1 Rea7 53. Qe5+ Rf6 54. Rgc1 Rxa2+ 55. Kxa2 Qa7+ 56. Kb1 f4+ 57. R1c2 Qa3 58. R8c7+ Kh6 59. Qxf6 Qxb3+ 60. Kc1 Qa3+ 61. Kd2 fxe3+ 62. Ke1 exf2+ 63. Kxf2 1-0

[Event "DEN-chT 0809"]
[Site "Denmark"]
[Date "2009.02.22"]
[Round "7.6"]
[White "Riis, Jens"]
[Black "Kristensen, Kaare Hove"]
[Result "1/2-1/2"]
[WhiteElo "2163"]
[BlackElo "2215"]
[PlyCount "75"]
[EventDate "2008.11.01"]
[EventType "team-tourn"]
[EventRounds "9"]
[EventCountry "DEN"]
[SourceTitle "EXT 2023"]
[Source "ChessBase"]
[SourceDate "2022.10.05"]
[SourceVersion "1"]
[SourceVersionDate "2022.10.05"]
[SourceQuality "1"]
[WhiteTeam "Copenhagen 68"]
[BlackTeam "Nordkalotten"]
[WhiteTeamCountry "DEN"]
[BlackTeamCountry "DEN"]

1. d4 d5 2. Nf3 Nf6 3. Bf4 c5 4. e3 Nc6 5. c3 Qb6 6. Qc2 Bg4 7. Nbd2 e6 8. Be2 Be7 9. h3 Bf5 10. Qc1 h6 11. 0-0 0-0 12. Bh2 Rac8 13. dxc5 Bxc5 14. Nb3 Be7 15. Nfd4 Bh7 16. Bf3 Nd7 17. Rd1 Nce5 18. Be2 Rfd8 19. a4 a5 20. Nb5 Nc4 21. Bd3 Bxd3 22. Rxd3 Nc5 23. Nxc5 Rxc5 24. Qc2 Rxb5 25. axb5 Qxb5 26. Ra2 a4 27. Rd1 Bf6 28. Rda1 Qb3 29. Qxb3 axb3 30. Ra8 Rxa8 31. Rxa8+ Kh7 32. Rb8 b6 33. Bc7 Bxc3 34. Bxb6 Be5 35. Rb7 Nd6 36. Rb8 Nc4 37. Rb7 Nd6 38. Rb8 1/2-1/2

[Event "DEN-chT 0809"]
[Site "Denmark"]
[Date "2009.01.25"]
[Round "6.7"]
[White "Riis, Jens"]
[Black "Jensen, Bjarke"]
[Result "0-1"]
[WhiteElo "2163"]
[BlackElo "2225"]
[PlyCount "70"]
[EventDate "2008.11.01"]
[EventType "team-tourn"]
[EventRounds "9"]
[EventCountry "DEN"]
[SourceTitle "EXT 2023"]
[Source "ChessBase"]
[SourceDate "2022.10.05"]
[SourceVersion "1"]
[SourceVersionDate "2022.10.05"]
[SourceQuality "1"]
[WhiteTeam "Copenhagen 68"]
[BlackTeam "Jetsmark"]
[WhiteTeamCountry "DEN"]
[BlackTeamCountry "DEN"]

1. d4 d5 2. Nf3 Nf6 3. Bf4 e6 4. e3 Bd6 5. Ne5 a6 6. Nd2 c5 7. c3 Qc7 8. Bg3 Nbd7 9. f4 b5 10. Bd3 Bb7 11. Qf3 Nb6 12. 0-0 Nc4 13. Bxc4 dxc4 14. e4 cxd4 15. cxd4 Bb4 16. Rad1 Bxd2 17. Rxd2 Nxe4 18. Rc2 0-0 19. Qe3 Qd6 20. Bh4 f6 21. Nf3 Qd5 22. Re1 Rfe8 23. Rce2 Nd6 24. Qa3 Nf5 25. Bf2 a5 26. Qc3 b4 27. Qd2 Rac8 28. h3 c3 29. bxc3 Rxc3 30. Be3 Ng3 31. Rf2 Ne4 32. Qb2 Nxf2 33. Qxf2 Rec8 34. Re2 Ba6 35. Rd2 Qe4 0-1

[Event "DEN-chT 0809"]
[Site "Denmark"]
[Date "2008.12.07"]
[Round "3.7"]
[White "Riis, Jens"]
[Black "Pedersen, Finn"]
[Result "0-1"]
[WhiteElo "2163"]
[BlackElo "2312"]
[PlyCount "44"]
[EventDate "2008.11.01"]
[EventType "team-tourn"]
[EventRounds "9"]
[EventCountry "DEN"]
[SourceTitle "EXT 2023"]
[Source "ChessBase"]
[SourceDate "2022.10.05"]
[SourceVersion "1"]
[SourceVersionDate "2022.10.05"]
[SourceQuality "1"]
[WhiteTeam "Copenhagen 68"]
[BlackTeam "Aarhus/Skolerne"]
[WhiteTeamCountry "DEN"]
[BlackTeamCountry "DEN"]

1. c4 c6 2. Nc3 d5 3. cxd5 cxd5 4. d4 Nf6 5. Bf4 Nc6 6. e3 a6 7. Rc1 e6 8. Bd3 Be7 9. a3 0-0 10. h4 Kh8 11. g4 e5 12. dxe5 Nxg4 13. Nf3 d4 14. exd4 Nxd4 15. Be4 f5 16. Bd5 Ne6 17. Bxe6 Qb6 18. Qd2 Bxe6 19. Be3 Nxe3 20. fxe3 Rad8 21. Nd4 f4 22. Nce2 Bd5 0-1

[Event "DEN-chT 0809"]
[Site "Denmark"]
[Date "2008.11.01"]
[Round "1.7"]
[White "Clausen, Steen"]
[Black "Riis, Jens"]
[Result "1/2-1/2"]
[WhiteElo "2224"]
[BlackElo "2163"]
[PlyCount "41"]
[EventDate "2008.11.01"]
[EventType "team-tourn"]
[EventRounds "9"]
[EventCountry "DEN"]
[SourceTitle "EXT 2023"]
[Source "ChessBase"]
[SourceDate "2022.10.05"]
[SourceVersion "1"]
[SourceVersionDate "2022.10.05"]
[SourceQuality "1"]
[WhiteTeam "Copenhagen K41"]
[BlackTeam "Copenhagen 68"]
[WhiteTeamCountry "DEN"]
[BlackTeamCountry "DEN"]

1. d4 Nf6 2. c4 d6 3. g3 Nbd7 4. Bg2 e5 5. Nf3 Be7 6. 0-0 0-0 7. b3 c6 8. Qc2 Re8 9. e4 Bf8 10. Re1 a6 11. Bb2 Qc7 12. h3 b5 13. c5 Bb7 14. dxe5 Nxe5 15. Nxe5 dxe5 16. b4 a5 17. a3 axb4 18. axb4 Rxa1 19. Bxa1 Bc8 20. Nd2 Be6 21. Bc3 1/2-1/2

[Event "SWE-chT 0708"]
[Site "Sweden"]
[Date "2008.01.12"]
[Round "6"]
[White "Riis, Jens"]
[Black "Penalver, Osmani"]
[Result "1-0"]
[WhiteElo "2287"]
[BlackElo "2264"]
[PlyCount "99"]
[EventDate "2007.10.19"]
[EventType "team"]
[EventRounds "11"]
[EventCountry "SWE"]
[SourceTitle "EXT 2009"]
[Source "ChessBase"]
[SourceDate "2008.11.26"]
[SourceVersion "1"]
[SourceVersionDate "2008.11.26"]
[SourceQuality "1"]
[WhiteTeam "Lund"]
[BlackTeam "Limhamn"]
[WhiteTeamCountry "SWE"]
[BlackTeamCountry "SWE"]

1. d4 Nf6 2. Nf3 e6 3. Bf4 c5 4. c3 Nc6 5. e3 Be7 6. h3 0-0 7. Nbd2 d5 8. Bd3 Re8 9. Ne5 Nxe5 10. dxe5 Nd7 11. 0-0 Nf8 12. Re1 Bd7 13. e4 Bc6 14. exd5 Qxd5 15. Be4 Qd7 16. Nc4 Qxd1 17. Raxd1 Bxe4 18. Rxe4 Red8 19. Nd6 Rd7 20. Be3 b6 21. b4 cxb4 22. cxb4 Rad8 23. Red4 Bxd6 24. exd6 f6 25. a4 Kf7 26. a5 bxa5 27. bxa5 e5 28. Rc4 Ne6 29. Rc6 Rb8 30. Ra6 Rbb7 31. Rc1 f5 32. f3 Kf6 33. Rc8 Nd4 34. Kh2 Ke6 35. f4 Kd5 36. fxe5 Ne6 37. Ra8 f4 38. Bxa7 Kxe5 39. Bg1 f3 40. Rb6 Rxb6 41. Bxb6 Rxd6 42. gxf3 Kf4 43. Kg2 Rd2+ 44. Bf2 Ke5 45. Kg3 g5 46. a6 Nc7 47. Rh8 Nxa6 48. Rxh7 Nb4 49. Be1 Rb2 50. Bc3+ 1-0

[Event "SWE-chT 0506"]
[Site "Sweden"]
[Date "2006.??.??"]
[Round "11"]
[White "Riis, Jens"]
[Black "Couso, Luis"]
[Result "0-1"]
[WhiteElo "2257"]
[BlackElo "2357"]
[PlyCount "124"]
[EventDate "2005.10.??"]
[EventType "team"]
[EventRounds "11"]
[EventCountry "SWE"]
[SourceTitle "EXT 2008"]
[Source "ChessBase"]
[SourceDate "2007.11.25"]
[SourceVersion "1"]
[SourceVersionDate "2007.11.25"]
[SourceQuality "1"]
[WhiteTeam "Lund"]
[BlackTeam "Sollentuna"]
[WhiteTeamCountry "SWE"]
[BlackTeamCountry "SWE"]

1. Nc3 Nf6 2. e4 e5 3. Nf3 Nc6 4. Bb5 Bb4 5. 0-0 0-0 6. d3 Bxc3 7. bxc3 d6 8. Bxc6 bxc6 9. Bg5 h6 10. Bh4 Re8 11. Nd2 g5 12. Bg3 Nh7 13. Nc4 Be6 14. Ne3 Qd7 15. Qd2 Nf8 16. c4 f6 17. Qa5 Reb8 18. Rab1 Qc8 19. a4 Nd7 20. f3 Rb6 21. Bf2 Rab8 22. Rxb6 axb6 23. Qb4 Ra8 24. Ra1 Ra5 25. Nd1 Qa8 26. Nb2 c5 27. Qd2 Nb8 28. c3 Nc6 29. Rf1 Ne7 30. g3 Bh3 31. Re1 Qc8 32. d4 Ra8 33. Kh1 Kf7 34. Be3 Ng6 35. Rg1 Be6 36. Qf2 cxd4 37. cxd4 exd4 38. Bxd4 c5 39. Bc3 Qc6 40. Qe2 Re8 41. Re1 h5 42. Kg1 h4 43. a5 bxa5 44. Bxa5 Ra8 45. Bc3 Ra3 46. Qd2 h3 47. Nd1 Qa6 48. Ne3 Ra2 49. Qd3 Qa3 50. Rd1 Ne5 51. Bxe5 Qxd3 52. Rxd3 dxe5 53. Rc3 g4 54. fxg4 Kg6 55. Rd3 Re2 56. Rc3 Kg5 57. Nd5 Bxg4 58. Ne3 Bf3 59. Nf5 Rg2+ 60. Kf1 Bxe4 61. Nh4 Rxh2 62. Re3 Bc6 0-1

[Event "Internet Section 10A g/8'+2\""]
[Site "Dos Hermanas"]
[Date "2004.03.10"]
[Round "6"]
[White "Riis, Jens"]
[Black "Strikovic, Aleksa"]
[Result "0-1"]
[WhiteElo "2109"]
[BlackElo "2520"]
[PlyCount "56"]
[EventDate "2004.03.10"]
[EventType "swiss (blitz)"]
[EventRounds "9"]
[EventCountry "ESP"]
[SourceTitle "EXT 2005"]
[Source "ChessBase"]
[SourceDate "2004.11.15"]
[SourceVersion "1"]
[SourceVersionDate "2004.11.15"]
[SourceQuality "1"]

1. d4 d6 2. Nf3 g6 3. Bf4 Bg7 4. e3 Nd7 5. h3 e5 6. Bh2 Qe7 7. Be2 Ngf6 8. 0-0 0-0 9. c4 Ne4 10. Nbd2 Nxd2 11. Qxd2 f5 12. Rac1 g5 13. dxe5 dxe5 14. Qa5 c6 15. Qc7 Re8 16. c5 Kh8 17. Rfd1 h6 18. Rd6 f4 19. exf4 exf4 20. Bc4 Nf6 21. Qxe7 Rxe7 22. Rd8+ Re8 23. Rcd1 Bf5 24. Rxa8 Rxa8 25. Ne5 Ne4 26. h4 Bxe5 27. hxg5 hxg5 28. f3 Nxc5 0-1

[Event "SWE-chT 0405"]
[Site "Sweden"]
[Date "2004.??.??"]
[Round "4"]
[White "Riis, Jens"]
[Black "Akvist, Hakan"]
[Result "1-0"]
[WhiteElo "2234"]
[BlackElo "2132"]
[PlyCount "85"]
[EventDate "2004.11.05"]
[EventType "team"]
[EventRounds "11"]
[EventCountry "SWE"]
[SourceTitle "EXT 2006"]
[Source "ChessBase"]
[SourceDate "2005.11.24"]
[SourceVersion "1"]
[SourceVersionDate "2005.11.24"]
[SourceQuality "1"]
[WhiteTeam "Lund"]
[BlackTeam "Eksjo"]
[WhiteTeamCountry "SWE"]
[BlackTeamCountry "SWE"]

1. d4 Nf6 2. Nf3 e6 3. Bf4 c5 4. c3 Nc6 5. e3 b6 6. Bd3 Bb7 7. Nbd2 Be7 8. h3 Nd5 9. Bh2 f5 10. 0-0 0-0 11. a3 Rc8 12. c4 Nf6 13. d5 exd5 14. cxd5 Nxd5 15. Qb1 Nf6 16. Bxf5 Ba6 17. Rd1 Be2 18. Re1 Bxf3 19. Nxf3 Qe8 20. Rd1 g6 21. Bd3 d6 22. Bxd6 Bxd6 23. Bc4+ Kg7 24. Rxd6 Na5 25. Ba6 Rc7 26. b4 Qe7 27. Rd1 cxb4 28. axb4 Nc6 29. Rc1 Ne5 30. Nd4 Rxc1+ 31. Qxc1 Ne4 32. Ra2 Rf6 33. f4 Nf7 34. Bd3 Ned6 35. Nc6 Qe8 36. b5 Re6 37. Kf2 Nb7 38. Rxa7 Nfd6 39. Ne5 Qd8 40. Kg1 Qb8 41. Qa1 Kh6 42. Ng4+ Kh5 43. Qg7 1-0

[Event "SWE-chT 0405"]
[Site "Sweden"]
[Date "2004.??.??"]
[Round "5"]
[White "Riis, Jens"]
[Black "Josefsson, Kenneth"]
[Result "0-1"]
[WhiteElo "2234"]
[BlackElo "2007"]
[PlyCount "60"]
[EventDate "2004.11.05"]
[EventType "team"]
[EventRounds "11"]
[EventCountry "SWE"]
[SourceTitle "EXT 2006"]
[Source "ChessBase"]
[SourceDate "2005.11.24"]
[SourceVersion "1"]
[SourceVersionDate "2005.11.24"]
[SourceQuality "1"]
[WhiteTeam "Lund"]
[BlackTeam "Astorp"]
[WhiteTeamCountry "SWE"]
[BlackTeamCountry "SWE"]

1. d4 c5 2. c3 Nf6 3. dxc5 e6 4. b4 a5 5. Qb3 b6 6. cxb6 axb4 7. Nf3 Bc5 8. e3 Qxb6 9. Be2 0-0 10. 0-0 d5 11. cxb4 Qxb4 12. Bb2 Nbd7 13. Nc3 Ba6 14. Qxb4 Bxb4 15. Nb5 Rfc8 16. a4 Rc2 17. Bxf6 gxf6 18. Nfd4 Rc5 19. Rab1 Bc3 20. Nb3 Rcc8 21. Rfc1 Be5 22. Rxc8+ Rxc8 23. Na7 Rc7 24. Bxa6 Rxa7 25. Bb5 Nb6 26. a5 Nc4 27. Bxc4 dxc4 28. Nd2 c3 29. Nc4 c2 30. Rc1 Rd7 0-1

[Event "Politiken Cup 25th"]
[Site "Copenhagen"]
[Date "2003.07.24"]
[Round "10"]
[White "Gullaksen, Eirik Tvedt"]
[Black "Riis, Jens"]
[Result "1-0"]
[WhiteElo "2359"]
[BlackElo "2067"]
[PlyCount "69"]
[EventDate "2003.07.14"]
[EventType "swiss"]
[EventRounds "11"]
[EventCountry "DEN"]
[SourceTitle "CBM 095 Extra"]
[Source "ChessBase"]
[SourceDate "2003.09.04"]
[SourceVersion "1"]
[SourceVersionDate "2003.09.04"]
[SourceQuality "1"]

1. e4 c5 2. Nf3 e6 3. d3 Nc6 4. g3 Nge7 5. Bg2 d5 6. Qe2 g6 7. 0-0 Bg7 8. Re1 0-0 9. e5 b6 10. c3 h6 11. h4 a5 12. Bf4 a4 13. Na3 Ba6 14. Qd2 Kh7 15. Nc2 b5 16. d4 cxd4 17. Ncxd4 Nxd4 18. Nxd4 Qd7 19. Bf1 Rfb8 20. a3 Nc6 21. Nf3 Rd8 22. Rad1 Na5 23. Bd3 Nb3 24. Qe3 Qa7 25. h5 Qxe3 26. Bxe3 Rg8 27. Kg2 Bf8 28. hxg6+ fxg6 29. Rh1 d4 30. Ng5+ Kh8 31. cxd4 Bb7+ 32. f3 Bd5 33. Nf7+ Kg7 34. Nxh6 Rh8 35. Bg5 1-0

[Event "Politiken Cup 25th"]
[Site "Copenhagen"]
[Date "2003.07.17"]
[Round "4"]
[White "Lonborg, Morten"]
[Black "Riis, Jens"]
[Result "1/2-1/2"]
[WhiteElo "2185"]
[BlackElo "2067"]
[PlyCount "113"]
[EventDate "2003.07.14"]
[EventType "swiss"]
[EventRounds "11"]
[EventCountry "DEN"]
[SourceTitle "CBM 095 Extra"]
[Source "ChessBase"]
[SourceDate "2003.09.04"]
[SourceVersion "1"]
[SourceVersionDate "2003.09.04"]
[SourceQuality "1"]

1. d4 c6 2. c4 Nf6 3. Nc3 d5 4. Nf3 a6 5. e3 g6 6. Bd3 Bg7 7. h3 0-0 8. 0-0 Nbd7 9. b4 a5 10. b5 dxc4 11. Bxc4 Nb6 12. Bd3 Nfd5 13. Nxd5 cxd5 14. Ba3 Re8 15. Rc1 Bf5 16. Bxf5 gxf5 17. Qd3 e6 18. g4 fxg4 19. hxg4 Nc4 20. Kg2 Qf6 21. Nd2 Nxa3 22. Qxa3 h5 23. f3 e5 24. dxe5 Qxe5 25. gxh5 Qg5+ 26. Kf2 d4 27. Ne4 dxe3+ 28. Qxe3 Qxe3+ 29. Kxe3 Bh6+ 30. Kf2 Bxc1 31. Nf6+ Kg7 32. Nxe8+ Rxe8 33. Rxc1 Re5 34. a4 Rxh5 35. Ke3 Kf6 36. Rc7 Rh4 37. f4 Rh3+ 38. Kd4 Ra3 39. Rc4 b6 40. Kd5 Rb3 41. Rc6+ Kf5 42. Rxb6 Rb4 43. Rc6 Rxa4 44. Rc4 Ra1 45. b6 a4 46. Rb4 a3 47. b7 a2 48. b8Q Rd1+ 49. Kc5 Rc1+ 50. Kd6 a1Q 51. Qb5+ Kg6 52. Qg5+ Kh7 53. Qh5+ Kg7 54. Qe5+ Qxe5+ 55. fxe5 Rg1 56. Rf4 Rg6+ 57. Kd5 1/2-1/2